000 01011cam a2200337 4500
001 J99127
008 090401t1998 xxu||||| |||| 00| 0 eng d
035 _a(Sirsi) u93878
041 _aeng
050 _a346.41043
110 _aGeneral Council of the Bar
_9691
245 4 _aThe Blundell Memorial Lectures 1998 : current problems in property law.
260 _aLondon
_bRICS Conferences & Training
_c1998
300 _a8 papers in one volume ; 30cm.
350 _a0
490 _aBlundell Lectures
650 _aARBITRATION ACT 1996
650 _aASSIGNMENT
650 _aBLUNDELL MEMORIAL LECTURES
650 _aLANDLORD AND TENANT ACT 1988
650 _aNEGLIGENCE
650 _aNEGLIGENT VALUATIONS
650 _aRENT REVIEWS
650 _aRESIDENTIAL LEASES
650 _aVALUERS
690 _aPROPERTY LAW AND PRACTICE
710 _aLaw Society of England and Wales
_91639
710 _aRoyal Institution of Chartered Surveyors
_94900
942 _n0
_2ddc
948 _c10/06/1999
999 _c97867
_d97867